|
|
|
|
| LEADER |
00000nam a22000007a 4500 |
| 005 |
20170609150226.0 |
| 007 |
cr|||| |||| |
| 008 |
170609c20139999mx zx|| s|||| 0|||b1spa d |
| 035 |
|
|
|a 20385
|
| 040 |
|
|
|a vLex
|
| 090 |
|
|
|c 6759
|d 6759
|
| 245 |
0 |
0 |
|a Boletn̕ Econm̤ico del Centro de Estudios de las Finanzas Pb︢licas (CEFP)
|h [Recurso electrn̤ico]
|
| 256 |
|
|
|a Servicio en ln̕ea
|
| 260 |
|
|
|a Mx̌ico D.F.:
|b Cm̀ara de Diputados de Diputados de Mx̌ico,
|c 2013 -
|
| 300 |
|
|
|a 1 recurso electrn̤ico
|
| 310 |
|
|
|a Irregular
|
| 362 |
|
|
|a Nm︢. 1 (2013) -
|
| 506 |
0 |
|
|a Contenido disponible en los productos indicados
|d vLex Global
|d vLex Global (Academic Edition, excluding Law Schools)
|d vLex Global (U.S. Academic Edition, Law Schools)
|d vLex Global (U.S. Academic Edition, excluding Law Schools)
|d vLex Global (Academic Edition, Law Schools)
|
| 650 |
0 |
4 |
|a Economia
|z Mx̌ico
|
| 650 |
0 |
4 |
|a Finanzas pb︢licas
|z Mx̌ico
|
| 740 |
0 |
|
|a vLex Revistas (Servicio en ln̕ea)
|
| 856 |
4 |
0 |
|u http://vlex.com/source/boletin-economico-del-centro-de-estudios-de-las-finanzas-publicas-cefp--20385
|z Acceso restringido
|
| 942 |
|
|
|c REV
|
| 999 |
0 |
|
|a Economics
|
| 999 |
0 |
|
|a Finance, Public
|